Էկոլոգիական կրթության մանկավարժական հիմունքները : (Record no. 179247)
[ view plain ]
| 000 -LEADER | |
|---|---|
| fixed length control field | 01312nam a2200265 u 4500 |
| 001 - CONTROL NUMBER | |
| control field | 000487066 |
| 003 - CONTROL NUMBER IDENTIFIER | |
| control field | AM-YeHGA |
| 005 - DATE AND TIME OF LATEST TRANSACTION | |
| control field | 20250618072620.0 |
| 008 - FIXED-LENGTH DATA ELEMENTS--GENERAL INFORMATION | |
| fixed length control field | 060505s2005 ai r 000 0 arm d |
| 020 ## - INTERNATIONAL STANDARD BOOK NUMBER | |
| International Standard Book Number | 999419075x |
| 040 ## - CATALOGING SOURCE | |
| Original cataloging agency | AM-YeHGA |
| 041 1# - LANGUAGE CODE | |
| Language code of text/sound track or separate title | arm |
| 090 ## - LOCALLY ASSIGNED LC-TYPE CALL NUMBER (OCLC); LOCAL CALL NUMBER (RLIN) | |
| -- | 180695 |
| 245 00 - TITLE STATEMENT | |
| Title | Էկոլոգիական կրթության մանկավարժական հիմունքները : |
| Remainder of title | Ուսումնամեթոդկան ձեռնարկ բուհերի և հանրակրթական դպրոցների համար / |
| Statement of responsibility, etc. | Օ.Ա. Ջուհարյան, Ռ.Հ. Եդոյան, Զ.Ս. Վարդանյան, Ա.Կ. Սաղաթելյան; Վանաձորի Հ. Թումանյանի անվ. պետ. մանկ. ին-տ. |
| 260 ## - PUBLICATION, DISTRIBUTION, ETC. | |
| Place of publication, distribution, etc. | Երևան : |
| Name of publisher, distributor, etc. | Ա. հ., |
| Date of publication, distribution, etc. | 2005. |
| 300 ## - PHYSICAL DESCRIPTION | |
| Extent | 132 էջ : |
| Other physical details | նկ. ; |
| Dimensions | 20 սմ. |
| 504 ## - BIBLIOGRAPHY, ETC. NOTE | |
| Bibliography, etc. note | Մատենագիտ.՝ էջ 130 (30 անուն) |
| 650 14 - SUBJECT ADDED ENTRY--TOPICAL TERM | |
| Topical term or geographic name entry element | Բնապահպանություն |
| Form subdivision | Ուսումնական ձեռնարկ |
| 650 14 - SUBJECT ADDED ENTRY--TOPICAL TERM | |
| Topical term or geographic name entry element | Էկոլոգիա |
| 650 14 - SUBJECT ADDED ENTRY--TOPICAL TERM | |
| Topical term or geographic name entry element | Մանկավարժություն |
| 700 1# - ADDED ENTRY--PERSONAL NAME | |
| Personal name | Ջուհարյան, Օ.Ա. |
| 700 1# - ADDED ENTRY--PERSONAL NAME | |
| Personal name | Վարդանյան, Զ.Ս. |
| 700 1# - ADDED ENTRY--PERSONAL NAME | |
| Personal name | Սաղաթելյան, Արմեն Կառլենի, |
| Dates associated with a name | 1953- |
| 9 (RLIN) | 1242 |
| 710 2# - ADDED ENTRY--CORPORATE NAME | |
| Corporate name or jurisdiction name as entry element | Վանաձորի Հ. Թումանյանի անվան պետական մանկավարժական ինստիտուտ |
| Withdrawn status | Lost status | Damaged status | Not for loan | Collection | Home library | Current library | Date acquired | Cost, normal purchase price | Shelving control number | Total checkouts | Full call number | Barcode | Date last seen | Price effective from | Koha item type | Public note |
|---|---|---|---|---|---|---|---|---|---|---|---|---|---|---|---|---|
| General | Fundamental Scientific Library | Fundamental Scientific Library | 28/12/2016 | 1500.00 | AII/94539 | FL0114987 | 28/12/2016 | 28/12/2016 | Գրքեր / Books | 30 Days Loan |
ՀՀ Գիտությունների ազգային ակադեմիայի հիմնարար գիտական գրադարան = Fundamental Scientific Library of NAS RA
All site content, except where otherwise noted, is licensed under a